[Event "Rilton Cup"]
[Site "Stockholm"]
[Date "1990.??.??"]
[Round "9"]
[White "Khenkin, Igor"]
[Black "Hector, Jonny"]
[Result "1/2-1/2"]
[WhiteElo "2455"]
[BlackElo "2465"]

1.d4 d5 2.Nf3 Nf6 3.c4 c6 4.Nc3 dxc4 5.a4 Bf5 6.Ne5 e6 7.f3 Bb4 8.e4 Bxe4
9.fxe4 Nxe4 10.Bd2 Qxd4 11.Nxe4 Qxe4+ 12.Qe2 Bxd2+ 13.Kxd2 Qd5+ 14.Kc2 Na6
15.Nxc4 O-O-O 16.Qe5 f6 17.Qe3 Qf5+ 18.Kb3 Nc5+ 19.Kb4 b6 20.Kc3 Rd5 21.Qf3 Rhd8
22.Qxf5 Rxf5 23.b4 Ne4+ 24.Kb3 Rf2 25.Re1 Nd2+ 26.Nxd2 Rdxd2 27.Rxe6 Rb2+
28.Kc3 Rfc2+ 29.Kd3 Rc1 30.g3 Kd7 31.Re1 Rb3+ 32.Kd2 Rxe1 33.Bh3+ Kd8 34.Rxe1 Rxb4
35.Kc3 Rxa4 36.Rd1+ Ke7 37.Rd7+ Kf8 38.Bg2 Ra2 39.Bxc6 Rxh2 40.Bd5 Rh5 41.Kc4 Rg5  1/2-1/2

[Event "Sumperk op"]
[Site "Sumperk"]
[Date "1990.??.??"]
[Round "3"]
[White "Gagloshvili, Raissa"]
[Black "Kuporosov, Viktor"]
[Result "1/2-1/2"]
[WhiteElo "2085"]
[BlackElo "2445"]

1.d4 d5 2.c4 dxc4 3.Nf3 Nf6 4.Nc3 c6 5.a4 Bf5 6.Ne5 e6 7.f3 Bb4 8.e4 Bg6
9.Bxc4 Nbd7 10.Nxd7 Nxd7 11.O-O O-O 12.Be3 Kh8 13.Ne2 Qa5 14.Nf4 e5 15.Nxg6+ hxg6
16.Qb3 exd4 17.Bxd4 Bc5 18.Qe3 Bxd4 19.Qxd4 Ne5 20.Be2 Rfd8 21.Qc3 Qxc3 22.bxc3 Rd2
23.f4 Nd3 24.Bxd3 Rxd3 25.Rfd1 Rad8 26.Rxd3 Rxd3 27.Ra3 b6 28.Kf2 c5 29.Ke2 c4
30.Rb3 Kg8 31.a5 cxb3 32.Kxd3 bxa5 33.c4 Kf8 34.Kc3 a4 35.g4  1/2-1/2

[Event "Sumperk op"]
[Site "Sumperk"]
[Date "1990.??.??"]
[Round "9"]
[White "Titov, German"]
[Black "Kuporosov, Viktor"]
[Result "1-0"]
[WhiteElo "2460"]
[BlackElo "2445"]

1.Nf3 d5 2.d4 Nf6 3.c4 dxc4 4.Nc3 c6 5.a4 Bf5 6.Ne5 e6 7.f3 Bb4 8.e4 Bxe4
9.fxe4 Nxe4 10.Bd2 Qxd4 11.Nxe4 Qxe4+ 12.Qe2 Bxd2+ 13.Kxd2 Qd5+ 14.Kc2 Na6
15.Nxc4 O-O-O 16.Qe5 f6 17.Qe3 c5 18.Kb3 Nb4 19.Rc1 Nc6 20.Ka3 Nd4 21.Bd3 e5
22.g4 Kb8 23.g5 Rhe8 24.gxf6 gxf6 25.Qe4 Qe6 26.Rhe1 Re7 27.Re3 Qa6 28.b3 b5
29.Nb2 Qa5 30.Ka2 Rb7 31.Rxc5 Qd2 32.Bxb5 Qxh2 33.Rec3 Nxb5 34.axb5 Rg8 35.Qc4  1-0

[Event "Sydney"]
[Site "Sydney"]
[Date "1990.??.??"]
[Round "8"]
[White "Gedevanishvili, Dmitry"]
[Black "Wong Meng Kong"]
[Result "1/2-1/2"]
[WhiteElo "2420"]
[BlackElo "2410"]

1.c4 Nf6 2.Nc3 c6 3.d4 d5 4.Nf3 dxc4 5.a4 Bf5 6.e3 e6 7.Bxc4 Bb4 8.O-O O-O
9.Qb3 Qb6 10.Ne5 Bd6 11.f3 Nfd7 12.Nxd7 Nxd7 13.Qxb6 Nxb6 14.Be2 a5 15.e4 Bg6
16.Be3 Bc7 17.Rfc1 Rfc8 18.b3 f6 19.Rab1 Nd7 20.Bf1 Bb6 21.Bf2 e5 22.d5 Bxf2+
23.Kxf2 Bf7 24.dxc6 Rxc6 25.Nd5 Bxd5 26.exd5 Rcc8 27.Rxc8+ Rxc8 28.b4 axb4
29.Rxb4 b6 30.Bd3 Kf7 31.Bf5 Rc7 32.Bxd7 Rxd7 33.Rxb6 Rxd5 34.Rb7+ Kg6 35.Ra7 Rd2+
36.Kg3 Ra2 37.h4 h5 38.a5 f5 39.Ra6+ Kh7 40.Ra7 Kg6  1/2-1/2

[Event "Toronto1"]
[Site "Toronto"]
[Date "1990.??.??"]
[Round "8"]
[White "Vaganian, Rafael A"]
[Black "Marovic, Drazen"]
[Result "1-0"]
[WhiteElo "2605"]
[BlackElo "2470"]

1.Nf3 Nf6 2.c4 c6 3.Nc3 d5 4.d4 dxc4 5.a4 Bf5 6.e3 e6 7.Bxc4 Bb4 8.O-O Nbd7
9.Qe2 Bg6 10.e4 Bh5 11.Bg5 Be7 12.a5 O-O 13.Bf4 Re8 14.h3 Bb4 15.g4 Bg6 16.a6 b5
17.Bd3 Rc8 18.Rfd1 Nb6 19.Ne5 Nfd7 20.Bg3 Nf8 21.Rac1 f6 22.Na2 fxe5 23.Nxb4 Qd6
24.Nc2 Nbd7 25.dxe5 Qb8 26.f4 Qb6+ 27.Bf2 Qxa6 28.Ra1 Qb7 29.Rxa7 Qb8 30.Ra6 Qb7
31.Rda1 Ra8 32.Ra7 Rxa7 33.Rxa7 Qc8 34.Nd4 Bf7 35.Nf3 h6 36.h4 Qb8 37.b3 Nb6
38.Ra6 Nfd7 39.Bxb6 Nxb6 40.Qe3 Nd7 41.Rxc6  1-0

[Event "Toulouse op"]
[Site "Toulouse"]
[Date "1990.??.??"]
[Round "8"]
[White "Wells, Peter K"]
[Black "Kirov, Nino"]
[Result "1/2-1/2"]
[WhiteElo "2410"]
[BlackElo "2445"]

1.d4 d5 2.c4 c6 3.Nf3 Nf6 4.Nc3 dxc4 5.a4 Bf5 6.Ne5 Nbd7 7.Nxc4 Nb6 8.Nxb6 axb6
9.Bg5 e5 10.e3 exd4 11.exd4 Bd6 12.Qf3 Bg6 13.h4 h6 14.Bxf6 Qxf6 15.Qxf6 gxf6
16.Rh3 O-O 17.Bd3 b5 18.Kd2 Rfd8 19.Kc2 Bc7 20.Bxg6 fxg6 21.Re1 b4 22.Ne4 f5
23.Nf6+ Kf7 24.Rhe3 Bd6 25.Re6 Rac8 26.h5 g5 27.Nh7 Kg7 28.Nf6 Kf7 29.Nh7 Kg7
30.Nf6  1/2-1/2

[Event "FRA-FRG"]
[Site "Uzes"]
[Date "1990.??.??"]
[Round "2"]
[White "Chabanon, Jean Luc"]
[Black "Hertneck, Gerald"]
[Result "0-1"]
[WhiteElo "2445"]
[BlackElo "2520"]

1.d4 d5 2.c4 c6 3.Nf3 Nf6 4.Nc3 dxc4 5.a4 Bf5 6.Nh4 g6 7.Nxf5 gxf5 8.e3 e6
9.Bxc4 Nbd7 10.a5 Bd6 11.Bd2 b5 12.axb6 axb6 13.Rxa8 Qxa8 14.O-O Rg8 15.Qf3 Ke7
16.e4 fxe4 17.Nxe4 Nxe4 18.Qxe4 Nf6 19.Qh4 Rg4 20.Qh6 c5 21.f3 Rxd4 22.Bg5 Be5
23.Bxe6 Qf8 24.Qxf8+ Kxf8 25.f4 Ne4 26.fxe5 Nxg5 27.Bxf7 Ke7 28.Bg8 b5 29.g3 Rd8
30.Ba2 Rd2 31.Rf5 h6 32.h4 Nh3+ 33.Kf1 c4 34.Rf3 Rxb2 35.Bxc4 bxc4 36.Rc3 Rb3
37.Rxc4 Rxg3 38.Rc7+ Kf8  0-1

[Event "Vladivostok op"]
[Site "Vladivostok"]
[Date "1990.??.??"]
[Round "?"]
[White "Pozin, Sergey"]
[Black "Petelin, A."]
[Result "0-1"]
[WhiteElo "2300"]
[BlackElo "2330"]

1.d4 d5 2.c4 c6 3.Nc3 Nf6 4.Nf3 dxc4 5.a4 Bf5 6.e3 e6 7.Bxc4 Bb4 8.O-O Nbd7
9.Qb3 a5 10.Rd1 O-O 11.Nh4 Be4 12.Be2 c5 13.Nxe4 Nxe4 14.Nf3 Ndf6 15.Bd2 Qb6
16.Bxb4 Qxb4 17.Qxb4 axb4 18.Nd2 Nxd2 19.Rxd2 Rfd8 20.Bf3 Ra7 21.Rc2 cxd4
22.exd4 g5 23.Rc4 g4 24.Bd1 Nd5 25.Rac1 f5 26.Bb3 Kf7 27.g3 Rd6 28.Kf1 Kf6
29.R1c2 Ne7 30.Rxb4 Nc6 31.Rb6 Rxd4 32.Re2 e5 33.Ke1 Ra6 34.Rxa6 bxa6 35.Rc2 Nb4  0-1

[Event "Vrnjacka Banja"]
[Site "Vrnjacka Banja"]
[Date "1990.??.??"]
[Round "9"]
[White "Tosic, Miroslav"]
[Black "Matulovic, Milan"]
[Result "1/2-1/2"]
[WhiteElo "2375"]
[BlackElo "2435"]

1.d4 d5 2.c4 dxc4 3.Nf3 Nf6 4.Nc3 c6 5.a4 Bf5 6.Ne5 e6 7.f3 Bb4 8.e4 Bxe4
9.fxe4 Nxe4 10.Bd2 Qxd4 11.Nxe4 Qxe4+ 12.Qe2 Bxd2+ 13.Kxd2 Qd5+ 14.Kc2 Na6
15.Qe1 f6 16.Nxc4 O-O-O 17.h4 c5 18.Rc1 Nb4+ 19.Kb3 e5 20.Rh3 Kb8 21.Ka3 Qe6
22.Rb3 Rd4 23.Ne3 b6 24.Bc4 Qd7 25.Bb5 Qe6 26.Nc2 Nxc2+ 27.Rxc2 Rhd8 28.Be2 Qc6
29.Bb5 Qe6 30.Rc1 Qd6 31.Bc4 Kc7 32.Ka2 a5 33.h5 Qc6 34.Bb5 Qe6 35.Ka3 Qe7
36.Rbc3 Kb7 37.Qe2 g6 38.hxg6 hxg6 39.Rh1 e4 40.Qg4 Qf7 41.Rh6 Rg8 42.Rch3 f5
43.Qf4 Rd1 44.Rh1 Rgd8 45.Rh7 Ra1+ 46.Rxa1 Qxh7 47.Qe5 Qc7 48.Qe6 Rd6 49.Qg8 Qd8
50.Qh7+ Qc7 51.Rh1 Qxh7 52.Rxh7+ Kc8 53.Re7 Kd8 54.Re5 Rd2 55.g4 Rf2 56.Re6 Rf3+
57.Ka2 e3 58.Rxg6 f4 59.Rf6 Ke7 60.Rf5 Rf2 61.g5 Ke6 62.Rf8 Ke5 63.g6 Rg2
64.Bd3 c4 65.Re8+ Kf6 66.Rf8+ Ke5 67.Re8+ Kf6 68.Rf8+  1/2-1/2

[Event "Aarhus op"]
[Site "Aarhus"]
[Date "1991.??.??"]
[Round "2"]
[White "Schandorff, Lars"]
[Black "Hector, Jonny"]
[Result "0-1"]
[WhiteElo "2425"]
[BlackElo "2465"]

1.d4 d5 2.c4 c6 3.Nf3 Nf6 4.Nc3 dxc4 5.a4 Bf5 6.e3 e6 7.Bxc4 Bb4 8.O-O Nbd7
9.Qe2 Bg6 10.e4 O-O 11.Bd3 Bh5 12.Bf4 Re8 13.e5 Nd5 14.Nxd5 exd5 15.Bf5 Bg6
16.g4 f6 17.Bxg6 hxg6 18.Qd3 g5 19.Bg3 fxe5 20.Nxe5 Nxe5 21.Bxe5 Bd6 22.Bxd6 Qxd6
23.Rfe1 Qf4 24.h3 Rf8 25.Qe3 Rae8 26.Qxf4 Rxe1+ 27.Rxe1 Rxf4 28.Re8+ Kh7
29.Re7 Rxd4 30.Rxb7 Rxa4 31.b4 Ra6 32.b5 cxb5 33.Rxb5 Rd6 34.Kf1 a6 35.Rb7 d4
36.Ke2 d3+ 37.Kd2 Kg6 38.Rc7 a5 39.Rc5 Ra6 40.Rc3 Rd6 41.Rc5 Ra6 42.Kxd3 a4
43.Kc2 Rf6 44.Ra5 Rxf2+ 45.Kd3 a3 46.Ke4 a2 47.Ra6+ Kf7 48.Ke3 Rh2 49.Ke4 g6
50.Ke5 Re2+ 51.Kd5 Ke7 52.Ra7+ Kd8 53.Kd4 Kc8 54.Kd3 Kb8 55.Ra3 Rb2 56.Ke4 Kc7  0-1

[Event "Aarhus op"]
[Site "Aarhus"]
[Date "1991.??.??"]
[Round "7"]
[White "Hansen, Lars Bo"]
[Black "Hector, Jonny"]
[Result "1/2-1/2"]
[WhiteElo "2525"]
[BlackElo "2465"]

1.d4 d5 2.c4 c6 3.Nf3 Nf6 4.Nc3 dxc4 5.a4 Bf5 6.e3 e6 7.Bxc4 Bb4 8.O-O Nbd7
9.Qb3 a5 10.Na2 Be7 11.Nh4 Bg6 12.g3 Qb6 13.Nc3 Bb4 14.f4 Bh5 15.Na2 Be7
16.Qd3 Rd8 17.b3 Nd5 18.Nf3 O-O 19.Bd2 Nb4 20.Nxb4 Bxb4 21.Bxb4 Qxb4 22.Rac1 c5
23.Qc3 Qxc3 24.Rxc3 Bxf3 25.Rxf3 cxd4 26.exd4 Nb6 27.f5 Rxd4 28.fxe6 Nxc4
29.exf7+ Rxf7 30.Rxf7 Kxf7 31.bxc4 Ke6 32.Rb3 Rxc4 33.Rxb7 g6 34.Rxh7 Rxa4
35.Kg2 Kf5 36.Rf7+  1/2-1/2

[Event "Altensteig"]
[Site "Altensteig"]
[Date "1991.??.??"]
[Round "10"]
[White "Muse, Mladen"]
[Black "Chernin, Alexander"]
[Result "0-1"]
[WhiteElo "2445"]
[BlackElo "2605"]

1.d4 d5 2.Nf3 c6 3.c4 Nf6 4.Nc3 dxc4 5.a4 Bf5 6.Ne5 e6 7.f3 Bb4 8.e4 Bxe4
9.fxe4 Nxe4 10.Bd2 Qxd4 11.Nxe4 Qxe4+ 12.Qe2 Bxd2+ 13.Kxd2 Qd5+ 14.Kc2 Na6
15.Nxc4 O-O-O 16.Qe3 Nc5 17.Be2 Qxg2 18.Rhg1 Qxh2 19.Kc3 Rd5 20.b4 Nd7 21.Bf3 Kb8
22.Rxg7 Rf5 23.Rh1 Qa2 24.Be4 Ne5 25.Qd4 Nxc4 26.Bxf5 b5 27.axb5 cxb5 28.Qf4+ e5
29.Qc1 Rd8 30.Rd1 Rxd1 31.Rg8+ Kb7 32.Qxd1 Qb2+ 33.Kd3 Qd4+ 34.Ke2 Qxd1+
35.Kxd1 Ne3+ 36.Kd2 Nxf5 37.Rg5 Nd6 38.Kd3 f5 39.Rg7+ Kc6 40.Rxa7 h5 41.Rh7 Kd5
42.Rxh5 e4+ 43.Kc3 Ke5 44.Rh8 f4 45.Rh7 Nf5 46.Rb7 f3 47.Rxb5+ Kf4 48.Ra5 f2
49.Ra1 e3 50.Kd3 Kf3  0-1

[Event "Anapa"]
[Site "Anapa"]
[Date "1991.??.??"]
[Round "?"]
[White "Tunik, Gennady"]
[Black "Panbukchian, Valentin"]
[Result "1/2-1/2"]
[WhiteElo "2470"]
[BlackElo "2350"]

1.d4 d5 2.c4 c6 3.Nf3 Nf6 4.Nc3 dxc4 5.a4 Bf5 6.e3 e6 7.Bxc4 Bb4 8.O-O Nbd7
9.Nh4 O-O 10.f3 Bg6 11.Nxg6 hxg6 12.Qb3 a5 13.e4 e5 14.dxe5 Qb6+ 15.Kh1 Nxe5
16.Bf4 Nxc4 17.Qxc4 Rad8 18.Qe2 Rfe8 19.Qc2 Bc5 20.Rad1 Nd7 21.Nb1 Nf8 22.Nd2 Ne6
23.Nc4 Qa6 24.Be3 Bxe3 25.Nxe3 Qb6 26.Nc4 Qb4 27.Ra1 Rd4 28.b3 Red8 29.e5 R8d5
30.Rae1 Rd3 31.Rb1 Nc5 32.h3 Rc3 33.Qe2 Rxb3 34.Rbd1 Ne6 35.Rxd5 cxd5 36.Nd6 Qc3
37.f4 Rb2 38.Qg4 Qd3 39.Rc1 Rb1 40.Rxb1 Qxb1+ 41.Kh2 Qb2 42.Qf3 Qd4 43.g3 b6
44.h4 Qc5 45.Kh3 Qc6 46.h5 gxh5 47.Qxh5 g6 48.Qf3 Kg7 49.Kh2 Nd4 50.Qg2 Kf8
51.Kh3 Nf5 52.Nxf5 gxf5 53.Qb2 d4 54.Kh2 Qxa4 55.Qxb6 Qa2+ 56.Kg1 Qd5 57.Qf6 Ke8
58.Qxf5 d3 59.Qc8+ Qd8 60.Qc6+ Kf8 61.Qh6+ Kg8 62.e6 Qb6+ 63.Kg2 Qxe6 64.Qg5+ Kh7
65.Qh5+ Kg7 66.Qg5+ Qg6 67.Qd5 a4 68.f5 Qa6 69.Qd4+ Kh7 70.Qd5 Qa7 71.Qxd3 a3
72.f6+ Kh6 73.Qf5 Qd4 74.Kh3 a2 75.g4 Qe3+ 76.Kh4 Qe1+ 77.Kh3 Qh1+ 78.Kg3 Qe1+
79.Kh3 Qh1+ 80.Kg3 Qg1+  1/2-1/2

[Event "Asuncion"]
[Site "Asuncion"]
[Date "1991.??.??"]
[Round "6"]
[White "Riline Orso, Alejandro"]
[Black "Salazar, Hernan"]
[Result "1-0"]
[WhiteElo "2200"]
[BlackElo "2390"]

1.d4 d5 2.c4 c6 3.Nf3 Nf6 4.Nc3 dxc4 5.a4 Bf5 6.Ne5 Nbd7 7.Nxc4 Qc7 8.g3 e5
9.dxe5 Nxe5 10.Bf4 Nfd7 11.Bg2 Be6 12.Nxe5 Nxe5 13.O-O f6 14.Rc1 Qa5 15.Qc2 Be7
16.Ne4 O-O 17.Bd2 Bb4 18.Bxb4 Qxb4 19.Qc3 Qxc3 20.Rxc3 Rad8 21.Nc5 Bc8 22.f4 Nf7
23.Rd3 Rxd3 24.Nxd3 Rd8 25.Rc1 Rd4 26.b3 Nd6 27.Kf2 Be6 28.Rc3 Bd5 29.Bxd5+ Rxd5
30.Kf3 Kf7 31.e4 Rd4 32.Nf2 Ke7 33.Ke3 Rb4 34.g4 a5 35.h3 Kd7 36.e5 fxe5
37.fxe5 Nf7 38.Nd3 Rb6 39.h4 Ke6 40.Ke4 Ke7 41.Kd4 Nd8 42.Kc5 Ra6 43.Nf4 b6+
44.Kc4 Ra7 45.e6 Nb7 46.Kd4 Nc5 47.Ke5 Rc7 48.h5 Rc8 49.g5 Rd8 50.h6 g6 51.Rf3 Nxe6  1-0

[Event "Augsburg"]
[Site "Augsburg"]
[Date "1991.??.??"]
[Round "10"]
[White "Zlochevskij, Alexander"]
[Black "Roeder, Gerd"]
[Result "1/2-1/2"]
[WhiteElo "2440"]
[BlackElo "2280"]

1.Nf3 d5 2.d4 Nf6 3.c4 c6 4.Nc3 dxc4 5.a4 Bf5 6.Nh4 Bg6 7.Nxg6 hxg6 8.e4 e6
9.Bxc4 Bb4 10.O-O Qc7 11.e5 Nd5 12.Ne4 a5 13.Bd2 Na6 14.Bxd5 cxd5 15.Bxb4 Nxb4
16.Rc1 Qd7 17.Nd6+ Kf8 18.Rc3 Nc6 19.Qg4 f5 20.Qf4 g5 21.Qd2 Qe7 22.Rfc1 Rh4
23.g3 Rxd4 24.Qe2  1/2-1/2

[Event "AUT-chT"]
[Site "?"]
[Date "1991.??.??"]
[Round "?"]
[White "Juraczka, Franz"]
[Black "Duer, Werner"]
[Result "0-1"]
[WhiteElo "2280"]
[BlackElo "2290"]

1.d4 d5 2.c4 c6 3.Nc3 Nf6 4.Nf3 dxc4 5.a4 Bf5 6.g3 Nbd7 7.Bg2 e6 8.O-O Bb4
9.Nd2 Nb6 10.a5 Nbd5 11.Nxc4 Bxc3 12.bxc3 Nxc3 13.Qd2 Nfe4 14.Qe3 Qxd4 15.Qxd4 Nxe2+
16.Kh1 Nxd4 17.f3 Nc5 18.Ba3 Ncb3 19.Nd6+ Kd7 20.Nxf7 Nxa1 21.Rxa1 Rhf8 22.Ne5+ Kc7
23.Bxf8 Rxf8 24.Rd1 Rd8 25.f4 c5 26.h3 Rd6 27.Rc1 Nb3 28.Rc3 Rd1+ 29.Kh2 Nxa5
30.Rxc5+ Kb6 31.Rc8 Rd2 32.Kg1 Rc2 33.Re8 Nc4 34.Nxc4+ Rxc4 35.g4 Be4 36.Rxe6+ Bc6
37.f5 Rc1+ 38.Kf2 Rc2+ 39.Kf1 Rxg2 40.Rxc6+ Kxc6 41.Kxg2 Kd6 42.Kf3 Ke5 43.Ke3 b5
44.Kd3 h5 45.Kc3 hxg4 46.hxg4 Kf4 47.Kb4 Kxg4  0-1

[Event "URS-chT"]
[Site "Azov"]
[Date "1991.??.??"]
[Round "?"]
[White "Kanstler, Boris"]
[Black "Ionov, Sergey"]
[Result "1/2-1/2"]
[WhiteElo "2430"]
[BlackElo "2510"]

1.d4 d5 2.c4 c6 3.Nc3 Nf6 4.Nf3 dxc4 5.a4 Bf5 6.e3 e6 7.Bxc4 Bb4 8.O-O Nbd7
9.Qe2 Bg6 10.e4 Bxc3 11.bxc3 Nxe4 12.Ba3 Qc7 13.Nd2 Nxd2 14.Qxd2 O-O-O 15.Be7 Rde8
16.Bh4 e5 17.Bg3 f6 18.d5 h5 19.h4 Bf5 20.Rfe1  1/2-1/2

[Event "Bad Woerishofen op"]
[Site "Bad Woerishofen"]
[Date "1991.??.??"]
[Round "3"]
[White "Peters, Carsten"]
[Black "Meduna, Eduard"]
[Result "0-1"]
[WhiteElo "2275"]
[BlackElo "2495"]

1.d4 Nf6 2.c4 c6 3.Nc3 d5 4.Nf3 dxc4 5.a4 Bf5 6.e3 e6 7.Bxc4 Nbd7 8.O-O Bb4
9.Nh4 O-O 10.h3 a5 11.Nxf5 exf5 12.Qf3 g6 13.g4 fxg4 14.hxg4 c5 15.g5 Nh5
16.Qg4 Nb6 17.Bb3 cxd4 18.exd4 Bxc3 19.bxc3 Rc8 20.Bd2 Ng7 21.Rab1 Nf5 22.Bc2 Nc4
23.Bxf5 gxf5 24.Qf4 Re8 25.Rfe1 Qd7 26.Rxe8+ Rxe8 27.d5 Qxd5 28.Rb5 Qxd2
29.Qxc4 Re1+ 30.Kg2 Qxg5+  0-1

[Event "Bad Woerishofen op"]
[Site "Bad Woerishofen"]
[Date "1991.??.??"]
[Round "4"]
[White "Gutman, Lev"]
[Black "Petursson, Margeir"]
[Result "1-0"]
[WhiteElo "2445"]
[BlackElo "2515"]

1.d4 d5 2.c4 c6 3.Nf3 Nf6 4.Nc3 dxc4 5.a4 Bf5 6.a5 e6 7.Qa4 Na6 8.Bg5 Be7
9.Bxf6 Bxf6 10.e4 Bg4 11.Bxc4 Bxf3 12.Bxa6 O-O 13.Be2 Bxe2 14.Nxe2 e5 15.dxe5 Bxe5
16.Rd1 Qc7 17.g3 Bxb2 18.f4 b5 19.axb6 Qxb6 20.Qc2 a5 21.Rd2 Rfb8 22.Kf1 a4
23.Kg2 a3 24.Nc1 Rd8 25.Re2 Rd4 26.Na2 Rad8 27.Rf1 c5 28.Rf3 c4 29.g4 Rd1
30.g5 c3 31.Rxc3 Rc1 32.Qa4 Qg1+ 33.Kh3 Rxc3+  1-0

[Event "JUG-ch"]
[Site "Banja Vrucica"]
[Date "1991.??.??"]
[Round "?"]
[White "Ilincic, Zlatko"]
[Black "Drasko, Milan"]
[Result "1/2-1/2"]
[WhiteElo "2470"]
[BlackElo "2500"]

1.d4 d5 2.c4 c6 3.Nf3 Nf6 4.Nc3 dxc4 5.a4 Bf5 6.Ne5 Nbd7 7.Nxc4 Nb6 8.Ne5 a5
9.f3 Nfd7 10.Nxd7 Nxd7 11.e4 Bg6 12.Qb3 Qc7 13.Be2  1/2-1/2

[Event "Pan American"]
[Site "Bariloche"]
[Date "1991.??.??"]
[Round "1"]
[White "Sequeira, Joao F A"]
[Black "Hernandez, Gustavo"]
[Result "1/2-1/2"]
[WhiteElo "2285"]
[BlackElo "2345"]

1.d4 d5 2.c4 c6 3.Nf3 Nf6 4.Nc3 dxc4 5.a4 Bf5 6.e3 e6 7.Bxc4 Bb4 8.O-O O-O
9.Qb3 Qe7 10.Bd2 Nbd7 11.a5 h6  1/2-1/2

[Event "Bellinge"]
[Site "Bellinge"]
[Date "1991.??.??"]
[Round "7"]
[White "Jasnikowski, Zbigniew"]
[Black "Hector, Jonny"]
[Result "1-0"]
[WhiteElo "2435"]
[BlackElo "2465"]

1.d4 d5 2.c4 c6 3.Nf3 Nf6 4.Nc3 dxc4 5.a4 Bf5 6.e3 e6 7.Bxc4 Bb4 8.O-O Nbd7
9.Nh4 Bg4 10.f3 Bh5 11.g4 Bg6 12.e4 O-O 13.g5 Ne8 14.Nxg6 hxg6 15.f4 Nd6
16.Bd3 c5 17.d5 Bxc3 18.bxc3 exd5 19.e5 Ne4 20.c4 Nb6 21.Qf3 Nd2 22.Bxd2 dxc4
23.Be4 Qxd2 24.a5 Nc8 25.Rfd1 Qb4 26.Rd7 c3 27.e6 fxe6 28.Rb1 c2 29.Bxc2 Qxf4
30.Qxf4 Rxf4 31.Rbxb7 Rg4+ 32.Kf2 Rxg5 33.Rxg7+ Kh8 34.Rh7+ Kg8 35.Be4 Ne7
36.Rbxe7 Rf8+ 37.Ke3 Rf1 38.Reg7+ Kf8 39.Rxa7 Kg8 40.Rhg7+ Kh8 41.Rgf7  1-0

[Event "Bellinge"]
[Site "Bellinge"]
[Date "1991.??.??"]
[Round "8"]
[White "Jasnikowski, Zbigniew"]
[Black "Jelling, Erik"]
[Result "1/2-1/2"]
[WhiteElo "2435"]
[BlackElo "2365"]

1.d4 d5 2.c4 c6 3.Nc3 Nf6 4.Nf3 dxc4 5.a4 Bf5 6.e3 e6 7.Bxc4 Bb4 8.O-O O-O
9.Nh4 Bg4 10.f3 Bh5 11.g4 Bg6 12.e4 Nbd7 13.Ng2 Qa5 14.Na2 Be7 15.Be3  1/2-1/2

[Event "Biel op (Women)"]
[Site "Biel"]
[Date "1991.??.??"]
[Round "1"]
[White "Maric, Alisa"]
[Black "Mira, Helene"]
[Result "1-0"]
[WhiteElo "2420"]
[BlackElo "2135"]

1.d4 d5 2.c4 c6 3.Nf3 Nf6 4.Nc3 dxc4 5.a4 Bf5 6.e3 e6 7.Bxc4 Bb4 8.O-O a5
9.Qe2 Ne4 10.Nxe4 Bxe4 11.Ne5 Nd7 12.Nd3 Bd6 13.f3 Bd5 14.b3 e5 15.Bxd5 cxd5
16.dxe5 Nxe5 17.Bb2 Nxd3 18.Qxd3 O-O 19.Qd4 Qg5 20.f4 Qh6 21.Rf3 Rfd8 22.Rh3 Qf6
23.Qxf6 gxf6 24.Bxf6 Re8 25.Rd1 Bc5 26.Rg3+ Kf8 27.Bg7+ Ke7 28.Rxd5  1-0

[Event "Borsodtavho"]
[Site "Borsodtavho"]
[Date "1991.??.??"]
[Round "12"]
[White "Horvath, Jozsef"]
[Black "Thorsteins, Karl"]
[Result "1/2-1/2"]
[WhiteElo "2540"]
[BlackElo "2480"]

1.d4 d5 2.Nf3 Nf6 3.c4 c6 4.Nc3 dxc4 5.a4 Bf5 6.e3 e6 7.a5 Bb4 8.Qa4 Qe7
9.Bxc4 h6 10.O-O O-O 11.Qb3 c5 12.dxc5  1/2-1/2

[Event "CSR-ch"]
[Site "Bratislava"]
[Date "1991.??.??"]
[Round "3"]
[White "Cimra, Jozef"]
[Black "Kolesar, Milan"]
[Result "1-0"]
[WhiteElo "2330"]
[BlackElo "2305"]

1.d4 d5 2.c4 c6 3.Nf3 Nf6 4.Nc3 dxc4 5.a4 Bf5 6.Ne5 Na6 7.e3 Nb4 8.Bxc4 e6
9.O-O Be7 10.Qe2 h6 11.e4 Bh7 12.Be3 O-O 13.f3 Qc7 14.Nd3 Rad8 15.Rfc1 Rd7
16.Nc5 Rdd8 17.a5 Nd7 18.Na2 Nxa2 19.Rxa2 Bd6 20.g3 Bxc5 21.dxc5 Qe5 22.b4 a6
23.Rd2 Qf6 24.Kg2 Ne5 25.Rxd8 Rxd8 26.Ba2 Rd3 27.Bc4 Rd7 28.Ba2 g5 29.Rd1 g4
30.fxg4 Bxe4+ 31.Kh3 Bf3 32.Rf1 Bxg4+ 33.Kg2 Bxe2 34.Rxf6 Kg7 35.Rf4 Bd3
36.Bd4 f6 37.Bxe6 Rd8 38.Bxe5 fxe5 39.Rf7+ Kg6 40.Rxb7 Be4+ 41.Kf2 Kf6 42.Bg4 Rf8
43.Ke3 Bd5 44.Rb6 Kg5 45.Be2 Ra8 46.Rxa6  1-0

[Event "CSR-ch"]
[Site "Bratislava"]
[Date "1991.??.??"]
[Round "8"]
[White "Kupka, Slavoj"]
[Black "Haba, Petr"]
[Result "0-1"]
[WhiteElo "2385"]
[BlackElo "2465"]

1.d4 d5 2.Nf3 Nf6 3.c4 c6 4.Nc3 dxc4 5.a4 Bf5 6.e3 e6 7.Bxc4 Bb4 8.O-O O-O
9.Qe2 Nbd7 10.e4 Bg6 11.Bd3 Re8 12.e5 Nd5 13.Nxd5 exd5 14.Bd2 Bxd2 15.Qxd2 Nf8
16.Rfe1 Ne6 17.b4 Bh5 18.Be2 a5 19.Rab1 axb4 20.Rxb4 Ra7 21.Reb1 Qa8 22.Ng5 Bxe2
23.Nxe6 fxe6 24.Qxe2 Rxa4 25.Rxb7 Rxd4 26.g3 Rf8 27.Qe3 Rd1+ 28.Rxd1 Qxb7
29.Qc5 Qc7 30.Rc1 Rc8 31.Re1 Ra8 32.Rb1 Rd8 33.Rb6 Rc8 34.Ra6 Qb7 35.Rb6 Qc7
36.Ra6 Qxe5 37.Rxc6 Rxc6 38.Qxc6 h6 39.Qe8+ Kh7 40.h4 Qe1+ 41.Kg2 Qe4+ 42.Kg1 d4
43.h5 d3 44.f3 Qe1+ 45.Kg2 Qe2+ 46.Kh3 Qxf3 47.Qg6+ Kg8 48.Qe8+ Qf8 49.Qxe6+ Qf7
50.Qc8+ Kh7 51.g4 Qd5 52.Kg3 d2 53.Qc2+ Kh8 54.Qd1 Qd3+ 55.Kf2 Kg8 56.Kg2 Kf7
57.Kf2 Ke6 58.Kg2 Ke5 59.Kf2 Kf4  0-1

[Event "Brno Morava-C"]
[Site "Brno"]
[Date "1991.??.??"]
[Round "9"]
[White "Bagaturov, Giorgi"]
[Black "Kolesar, Milan"]
[Result "1-0"]
[WhiteElo "2440"]
[BlackElo "2300"]

1.d4 d5 2.Nf3 Nf6 3.c4 c6 4.Nc3 dxc4 5.a4 Bf5 6.e3 e6 7.Bxc4 Bb4 8.O-O Nbd7
9.Qe2 Bg6 10.e4 Bxc3 11.bxc3 Nxe4 12.Ba3 Qc7 13.Rfc1 Nb6 14.Bb3 O-O-O 15.Nh4 Nf6
16.g3 Bh5 17.Qe3 Nbd5 18.Qe1 Qa5 19.Rab1 Rhe8 20.Qe5 Qc7 21.c4 Nb6 22.Qe3 h6
23.Rb2 Kb8 24.Rcb1 Ka8 25.Bb4 Nbd7 26.Bc2 Rb8 27.Nf3 e5 28.Nxe5 c5 29.f4 cxb4
30.Rxb4 g5 31.Rb5 Ng4 32.Qd2 Ngxe5 33.fxe5 Bf3 34.Qf2 g4 35.Bf5 Nb6 36.d5 Qxe5
37.Bd7 Red8 38.Rxb6 Rxd7 39.R6b5 b6 40.a5 Qe2 41.axb6 Rxb6 42.Rxb6 axb6 43.Rxb6 Qd1+
44.Qf1 Qd4+ 45.Qf2 Qa1+ 46.Qf1 Qa7 47.c5 Rxd5 48.Kf2 Qa2+  1-0

[Event "Spring op"]
[Site "Budapest"]
[Date "1991.??.??"]
[Round "5"]
[White "Lempert, Igor"]
[Black "Hansen, Sune Berg"]
[Result "1-0"]
[WhiteElo "2425"]
[BlackElo "2355"]

1.d4 d5 2.c4 c6 3.Nf3 Nf6 4.Nc3 dxc4 5.a4 Bf5 6.Nh4 Bc8 7.e3 e5 8.Bxc4 exd4
9.exd4 Qe7+ 10.Be3 Ng4 11.Qe2 Be6 12.Nf3 Bxc4 13.Qxc4 Qb4 14.Qe2 Nxe3 15.fxe3 Nd7
16.O-O Be7 17.a5 O-O 18.a6 b6 19.Ra4 Qd6 20.e4 Qh6 21.e5 Rae8 22.Ne4 Bd8
23.Ra3 Qe6 24.Qc2 f6 25.Nd6 Re7 26.Nf5 Ree8 27.Nd6 Re7 28.Qxc6 fxe5 29.Ng5 Rxf1+
30.Kxf1 Nb8 31.Qe4 Qxd6 32.Qxh7+ Kf8 33.Qh8+  1-0

[Event "Spring op"]
[Site "Budapest"]
[Date "1991.??.??"]
[Round "7"]
[White "Kulcsar, Tamas"]
[Black "Mnatsakanian, Eduard A"]
[Result "0-1"]
[WhiteElo "2250"]
[BlackElo "2425"]

1.d4 d5 2.c4 c6 3.Nc3 Nf6 4.Nf3 dxc4 5.a4 Bf5 6.e3 e6 7.Bxc4 Bb4 8.O-O Nbd7
9.Qb3 a5 10.Na2 c5 11.Nxb4 cxb4 12.Bb5 O-O 13.Nd2 Rc8 14.Nc4 e5 15.Rd1 e4
16.Bd2 Be6 17.Rac1 Nb6 18.Rc2 Qd5 19.Rdc1 Qg5 20.Qa2 Nxc4 21.Rxc4 Bxc4 22.Bxc4 Rc7
23.b3 Ne8 24.Be2 Rxc1+ 25.Bxc1 Nd6 26.Qd2 Rc8 27.Bb2 Qd5 28.Bd1 b5 29.axb5 Nxb5
30.Be2 Qxb3  0-1

[Event "Escom IM-A"]
[Site "Budapest"]
[Date "1991.??.??"]
[Round "7"]
[White "Zsinka, Laszlo"]
[Black "Guzijan, Miodrag"]
[Result "0-1"]
[WhiteElo "2375"]
[BlackElo "2300"]

1.d4 d5 2.c4 c6 3.Nf3 Nf6 4.Nc3 dxc4 5.a4 Bf5 6.e3 e6 7.Bxc4 Bb4 8.O-O Nbd7
9.Qe2 Bg6 10.Rd1 O-O 11.Ne5 Nxe5 12.dxe5 Nd7 13.Na2 Ba5 14.e4 Qe7 15.b4 Bc7
16.f4 Nb6 17.Bb3 f6 18.a5 Nd7 19.f5 Bf7 20.fxe6 Bxe6 21.Qg4 f5 22.Bg5 Bxb3
23.Bxe7 fxg4 24.Rxd7 Bxe5 25.Re1 Rf7 26.Nc1 Be6 27.Rd8+ Rxd8 28.Bxd8 Bc3
29.Rd1 Bxb4 30.Nd3 Rd7 31.Nb2 Rxd1+ 32.Nxd1 Kf7 33.Kf2 Ke8 34.Bc7 Kd7 35.Be5 g6
36.Bc3 Bxc3 37.Nxc3 b5 38.axb6 axb6 39.Ke3 Kd6 40.Kd4 c5+ 41.Ke3 g5 42.g3 Kc6
43.e5 Bf5  0-1

[Event "Spring op"]
[Site "Budapest"]
[Date "1991.??.??"]
[Round "7"]
[White "Guldner, Kurt"]
[Black "Molnar, Bela"]
[Result "1/2-1/2"]
[WhiteElo "2310"]
[BlackElo "2205"]

1.d4 d5 2.c4 c6 3.Nf3 Nf6 4.Nc3 dxc4 5.a4 Bf5 6.Ne5 e6 7.f3 Bb4 8.e4 Bxe4
9.fxe4 Nxe4 10.Be3 Nxc3 11.bxc3 Bxc3+ 12.Kf2 Bxa1 13.Qxa1 Nd7 14.Nxd7 Qxd7
15.Bxc4 b5 16.Be2 O-O 17.Rc1 a5 18.Bf3 Ra6 19.Rc5 Rb8 20.Qc1 bxa4 21.Bxc6 Qd8
22.Bxa4 Rab6 23.Bc2 Rb2 24.Kg1 a4 25.Qa1 e5 26.dxe5 Qh4 27.g3 Qb4 28.Rc7 Qa5
29.Rc5 Qb4 30.Rc7 Qa5 31.Rc5  1/2-1/2

[Event "Budapest Kasparov"]
[Site "Budapest"]
[Date "1991.??.??"]
[Round "9"]
[White "Reeh, Oliver"]
[Black "Janovsky, Sergey"]
[Result "1-0"]
[WhiteElo "2470"]
[BlackElo "2430"]

1.d4 d5 2.c4 c6 3.Nf3 Nf6 4.Nc3 dxc4 5.a4 Bf5 6.Nh4 e6 7.Nxf5 exf5 8.e3 Bb4
9.Bxc4 O-O 10.O-O Nbd7 11.Qf3 g6 12.Rd1 Nb6 13.Bb3 a5 14.Bd2 Re8 15.h3 h5
16.Rac1 Qe7 17.Nb1 Ne4 18.Bc3 Bd6 19.Nd2 Ng5 20.Qe2 f4 21.Qd3 Nd5 22.e4 f3
23.Bxd5 Bf4 24.Bc4 Nxh3+ 25.gxh3 Qg5+ 26.Kf1 Bxd2 27.Qxf3  1-0